000 00271nam a22001217a 4500
008 171101b xxu||||| |||| 00| 0 eng d
041 _aeng
080 _23 ED
_a339.9
100 _a59
101 _aGLO
245 _aTHE GLOBALIZATION READER
_cBOLI.J
942 _2udc
_cBK
999 _c37149
_d37149